[Event "XIV American Continental"]
[Site "Sao Paulo BRA"]
[Date "2019.07.09"]
[Round "6.27"]
[White "Roselli Mailhe, Bernardo"]
[Black "Freitas, Remulo Aguiar"]
[Result "1-0"]
[WhiteElo "2471"]
[BlackElo "2129"]
[EventDate "2019.07.05"]
[PlyCount "127"]
[EventRounds "11"]
[EventCountry "BRA"]

1.d4 Nf6 2.c4 e6 3.Nf3 Bb4+ 4.Nbd2 O-O 5.a3 Bxd2+ 6.Qxd2 b6 7.e3 Bb7 8.Be2
d6 9.O-O Nbd7 10.b4 c5 11.Bb2 Qe7 12.Rfd1 Rfd8 13.dxc5 dxc5 14.Qc3 Ne8 15.
b5 Ndf6 16.Ne5 Qc7 17.Bf3 Ne4 18.Qc2 N8d6 19.h3 f6 20.Nd3 e5 21.Ne1 Qf7 
22.Be2 Ng5 23.h4 Ne6 24.a4 Rd7 25.Rd2 Rad8 26.Rad1 Ne4 27.Rxd7 Rxd7 28.Bf3
Nd6 29.Be2 Nf8 30.a5 Be4 31.Qa4 Nf5 32.axb6 axb6 33.Rxd7 Qxd7 34.Nf3 Nd6 
35.Nd2 Bb7 36.Bc3 Ng6 37.h5 Nh4 38.f3 Nhf5 39.Kf2 Ne7 40.Qa2 Qc7 41.Qa1 
Qd7 42.g4 Nf7 43.Qa7 Qc7 44.Nf1 Ng5 45.Qa2 Qd7 46.Ng3 Nh3+ 47.Kg2 Qxg4 48.
Qa7 Qd7 49.Qxb6 Ng5 50.Kf2 Nc8 51.Qxc5 Qh3 52.Qc7 Qh2+ 53.Ke1 Qxg3+ 54.Kd1
Qg1+ 55.Kd2 Qb1 56.Qxb7 Qa2+ 57.Kc1 Qa3+ 58.Kc2 Nd6 59.Qd7 Kf8 60.c5 Qa4+ 
61.Kb2 Nxb5 62.Qd8+ Kf7 63.Qd7+ Kf8 64.Bxb5 1-0

[Event "XIV American Continental"]
[Site "Sao Paulo BRA"]
[Date "2019.07.09"]
[Round "6.29"]
[White "Maia, Marco Aurelio Ferreira"]
[Black "Rodi, Luis Ernesto"]
[Result "0-1"]
[WhiteElo "2108"]
[BlackElo "2343"]
[EventDate "2019.07.05"]
[PlyCount "102"]
[EventRounds "11"]
[EventCountry "BRA"]

1.d4 Nf6 2.c4 c5 3.d5 e6 4.Nc3 exd5 5.cxd5 d6 6.Nf3 g6 7.Bf4 Bg7 8.Qa4+ 
Bd7 9.Qb3 Qc7 10.e4 O-O 11.Be2 Nh5 12.Bg5 a6 13.a4 Bg4 14.h3 Bxf3 15.Bxf3 
Nf6 16.O-O Nbd7 17.Be2 Rfe8 18.Qc2 c4 19.Rfe1 Rac8 20.Bf1 Nc5 21.Rad1 Nfd7
22.f4 b5 23.axb5 axb5 24.Kh1 Qa5 25.Ra1 Qb6 26.Nd1 Nb3 27.Ra2 Ra8 28.Rxa8 
Rxa8 29.Ne3 Qd4 30.e5 dxe5 31.Ng4 f6 32.Rd1 Qb6 33.Bh6 Nd4 34.Qd2 Bxh6 35.
Nxh6+ Kg7 36.fxe5 Nxe5 37.Qf4 Nc2 38.Ng4 Nxg4 39.hxg4 Ne3 40.Re1 Nxd5 41.
Qe4 Rd8 42.Rd1 Qc6 43.Be2 Re8 44.Qf3 Nb4 45.Qf2 Re7 46.Bf3 Qe6 47.Qd4 Nd3 
48.Kg1 Qe5 49.Qxe5 Rxe5 50.Rd2 Re1+ 51.Kh2 Rb1 0-1

[Event "XIV American Continental"]
[Site "Sao Paulo BRA"]
[Date "2019.07.09"]
[Round "6.30"]
[White "Souza, Rafael Cabral de"]
[Black "De Borba, Guilherme"]
[Result "0-1"]
[WhiteElo "2094"]
[BlackElo "2330"]
[EventDate "2019.07.05"]
[PlyCount "60"]
[EventRounds "11"]
[EventCountry "BRA"]

1.Nf3 Nf6 2.c4 c5 3.Nc3 Nc6 4.g3 g6 5.Bg2 Bg7 6.d3 O-O 7.O-O d5 8.cxd5 
Nxd5 9.Ng5 e6 10.Bd2 h6 11.Nh3 Nde7 12.Rc1 b6 13.Nf4 Bb7 14.h4 Qd7 15.Bh3 
Kh7 16.g4 f5 17.g5 hxg5 18.hxg5 Be5 19.f3 Kg7 20.Kf2 Rh8 21.Rh1 Nd4 22.Be3
Rh7 23.Qd2 Rah8 24.Bg2 Kf7 25.Rxh7+ Rxh7 26.Rh1 Rxh1 27.Bxh1 Qd8 28.Bg2 
Qh8 29.Nh3 b5 30.a4 bxa4 0-1

[Event "XIV American Continental"]
[Site "Sao Paulo BRA"]
[Date "2019.07.09"]
[Round "6.31"]
[White "Rangel, Daniel"]
[Black "Piccoli, Lucas Fonseca"]
[Result "1-0"]
[WhiteElo "2325"]
[BlackElo "2116"]
[EventDate "2019.07.05"]
[PlyCount "94"]
[EventRounds "11"]
[EventCountry "BRA"]

1.c4 e6 2.d4 Nf6 3.Nc3 Bb4 4.e3 O-O 5.Ne2 Re8 6.a3 Bf8 7.Nf4 d5 8.cxd5 
exd5 9.Bd3 c6 10.O-O Nbd7 11.Bd2 Ne4 12.Be1 f5 13.f3 Nd6 14.Bf2 Nf6 15.Qc2
g6 16.Rae1 Bh6 17.Nd1 Be6 18.h3 Qd7 19.Bh4 Bg7 20.Be2 Nf7 21.Nd3 Qd6 22.
Nc3 Bc8 23.f4 Qe6 24.Ne5 Nd6 25.b4 Nfe4 26.Nxe4 Nxe4 27.b5 c5 28.Rd1 b6 
29.dxc5 Bxe5 30.fxe5 Nxc5 31.Rxd5 Bb7 32.Rxc5 bxc5 33.Bf6 Bd5 34.Rd1 Bb3 
35.Qc3 Rac8 36.Rd6 Qf7 37.Bf3 Re6 38.Rd3 Ba2 39.Bc6 Rexc6 40.bxc6 Bd5 41.
Qxc5 Bxc6 42.Rd6 Bb7 43.Qxa7 Rc1+ 44.Kh2 Rh1+ 45.Kxh1 Bxg2+ 46.Kxg2 Qxa7 
47.e6 Qb7+ 1-0

[Event "XIV American Continental"]
[Site "Sao Paulo BRA"]
[Date "2019.07.09"]
[Round "6.32"]
[White "Coro, Lucas"]
[Black "Tomiello, Mateus Costamilan"]
[Result "1-0"]
[WhiteElo "2312"]
[BlackElo "2114"]
[EventDate "2019.07.05"]
[PlyCount "47"]
[EventRounds "11"]
[EventCountry "BRA"]

1.e4 c5 2.Nf3 d6 3.Bb5+ Bd7 4.Bxd7+ Qxd7 5.O-O Nf6 6.c3 Nc6 7.d4 e5 8.Re1 
h6 9.Nbd2 g6 10.Nc4 Bg7 11.Qa4 Ke7 12.dxc5 dxc5 13.Qa3 b6 14.b4 Qe6 15.
Nfd2 b5 16.Na5 cxb4 17.Nxc6+ Qxc6 18.Qxb4+ Kd7 19.a4 Rhb8 20.Nf3 Ke6 21.
Nxe5 Qc7 22.Bf4 bxa4 23.Qxa4 Qb6 24.Qc4+ 1-0

[Event "XIV American Continental"]
[Site "Sao Paulo BRA"]
[Date "2019.07.09"]
[Round "6.33"]
[White "Moura, Eduardo Eugenio Chaves"]
[Black "Guimaraes, Diogo Duarte"]
[Result "1/2-1/2"]
[WhiteElo "2101"]
[BlackElo "2307"]
[EventDate "2019.07.05"]
[PlyCount "90"]
[EventRounds "11"]
[EventCountry "BRA"]

1.e4 e5 2.Nf3 Nc6 3.Bc4 Nf6 4.d3 h6 5.c3 d6 6.O-O g5 7.Nbd2 Nh5 8.Bb3 g4 
9.Ne1 Rg8 10.Nc4 Be6 11.Ne3 Nf4 12.g3 Nh3+ 13.Kh1 Qd7 14.d4 exd4 15.cxd4 
Bxb3 16.axb3 Bg7 17.Qxg4 Nxd4 18.Nf5 Nxf5 19.exf5 Ng5 20.h4 Nh7 21.Bxh6 
Nf6 22.Qe2+ Kf8 23.Bxg7+ Rxg7 24.Qf3 Qb5 25.Ng2 Re8 26.Rfe1 Rxe1+ 27.Rxe1 
Rg4 28.Kg1 Kg7 29.Qc3 Rb4 30.Nf4 Rxf4 31.gxf4 Qxf5 32.Qg3+ Kf8 33.Qg5 Qg4+
34.Kh2 Qf3 35.Qh6+ Kg8 36.Rg1+ Ng4+ 37.Rxg4+ Qxg4 38.Qg5+ Qxg5 39.fxg5 c5 
40.Kg3 d5 41.Kf4 a5 42.Ke5 d4 43.Ke4 f5+ 44.Kd3 b5 45.h5 Kg7 1/2-1/2

[Event "XIV American Continental"]
[Site "Sao Paulo BRA"]
[Date "2019.07.09"]
[Round "6.34"]
[White "Uribe Arteaga, Daniel"]
[Black "Labussiere, Yago"]
[Result "1-0"]
[WhiteElo "2304"]
[BlackElo "2101"]
[EventDate "2019.07.05"]
[PlyCount "49"]
[EventRounds "11"]
[EventCountry "BRA"]

1.Nf3 Nf6 2.g3 d5 3.b3 g6 4.Bb2 Bg7 5.c4 c6 6.Bg2 O-O 7.O-O Re8 8.d3 Nbd7 
9.cxd5 cxd5 10.Nbd2 e5 11.Qc2 e4 12.dxe4 dxe4 13.Ng5 e3 14.fxe3 Qe7 15.Nc4
Qc5 16.Nxf7 Rxe3 17.Kh1 Kxf7 18.Ba3 Qd4 19.Rad1 Qc3 20.Nxe3 Qxe3 21.Qc4+ 
Ke8 22.Rd6 Nb6 23.Qc7 Bd7 24.Rdxf6 Bxf6 25.Rxf6 1-0

[Event "XIV American Continental"]
[Site "Sao Paulo BRA"]
[Date "2019.07.09"]
[Round "6.35"]
[White "Carvalho, Herbert Abreu"]
[Black "Tsuboi, Edson Kenji"]
[Result "1/2-1/2"]
[WhiteElo "2089"]
[BlackElo "2233"]
[EventDate "2019.07.05"]
[PlyCount "47"]
[EventRounds "11"]
[EventCountry "BRA"]

1.e4 e6 2.d4 d5 3.Nd2 Nf6 4.e5 Nfd7 5.Bd3 c5 6.c3 Nc6 7.Ne2 cxd4 8.cxd4 f6
9.exf6 Nxf6 10.Nf3 Bd6 11.O-O Qc7 12.Nc3 a6 13.Bg5 O-O 14.Bh4 Nh5 15.Re1 
g6 16.Rc1 Qg7 17.Bf1 Bf4 18.Rc2 g5 19.Bg3 g4 20.Ne5 Nxe5 21.dxe5 Nxg3 22.
hxg3 Bxe5 23.Nxd5 Bd4 24.Nc7 1/2-1/2

[Event "XIV American Continental"]
[Site "Sao Paulo BRA"]
[Date "2019.07.09"]
[Round "6.36"]
[White "Caceres, Diego"]
[Black "Jodorcovsky Werjivker, Paulo"]
[Result "0-1"]
[WhiteElo "2087"]
[BlackElo "2228"]
[EventDate "2019.07.05"]
[PlyCount "48"]
[EventRounds "11"]
[EventCountry "BRA"]

1.d4 Nf6 2.c4 e6 3.Nc3 Bb4 4.f3 O-O 5.e4 d5 6.e5 Nfd7 7.cxd5 exd5 8.f4 c5 
9.Nf3 cxd4 10.Qxd4 Nc6 11.Qf2 d4 12.Nxd4 Ndxe5 13.Nxc6 Nxc6 14.Be2 Nd4 15.
Kf1 Bf5 16.Be3 Nxe2 17.Nxe2 Qd3 18.a3 Rfe8 19.axb4 Rxe3 20.Ra3 Qb1+ 21.Qe1
Qe4 22.Rxe3 Qxe3 23.Qf2 Qd3 24.Qg3 Re8 0-1

[Event "XIV American Continental"]
[Site "Sao Paulo BRA"]
[Date "2019.07.09"]
[Round "6.37"]
[White "Gasic Merino, Franco"]
[Black "Palacio, Igor da Paz"]
[Result "0-1"]
[WhiteElo "2226"]
[BlackElo "2098"]
[EventDate "2019.07.05"]
[PlyCount "96"]
[EventRounds "11"]
[EventCountry "BRA"]

1.d4 Nf6 2.g3 g6 3.Bg2 Bg7 4.e4 d6 5.Ne2 O-O 6.O-O e5 7.Nbc3 Re8 8.h3 Nc6 
9.Be3 b6 10.d5 Ne7 11.g4 Rf8 12.Ng3 Ne8 13.f4 f5 14.exf5 exf4 15.Bxf4 gxf5
16.Nh5 Ng6 17.Nxg7 Nxf4 18.Ne6 Bxe6 19.dxe6 Nxg2 20.e7 Qxe7 21.Qd5+ Kg7 
22.Qxa8 Ne3 23.Rae1 Qg5 24.Rf3 Nf6 25.Qc6 f4 26.Ne4 Nxe4 27.Qxe4 d5 28.
Qd4+ Rf6 29.Re2 c5 30.Qa4 h5 31.Qd7+ Rf7 32.Qc8 d4 33.Qe6 Re7 34.Qd6 Rf7 
35.Ref2 hxg4 36.Rxf4 gxh3+ 37.Kh1 Rxf4 38.Qxf4 Qxf4 39.Rxf4 Nxc2 40.Rf3 c4
41.Rxh3 d3 42.Rh2 b5 43.Rf2 b4 44.Rd2 Ne1 45.Rd1 c3 46.Rxe1 d2 47.Rg1+ Kf6
48.a3 c2 0-1

[Event "XIV American Continental"]
[Site "Sao Paulo BRA"]
[Date "2019.07.09"]
[Round "6.38"]
[White "Fernandez, Maria Florencia"]
[Black "Carvalho, Rafael Cunha de"]
[Result "1/2-1/2"]
[WhiteElo "2220"]
[BlackElo "2096"]
[EventDate "2019.07.05"]
[PlyCount "120"]
[EventRounds "11"]
[EventCountry "BRA"]

1.d4 Nf6 2.c4 e5 3.dxe5 Ng4 4.Bf4 Nc6 5.Nf3 Bb4+ 6.Nbd2 Qe7 7.e3 Ngxe5 8.
Nxe5 Nxe5 9.Be2 O-O 10.a3 Bxd2+ 11.Qxd2 d6 12.b4 b6 13.O-O Bb7 14.a4 Rfe8 
15.Rfc1 Ng6 16.Bg3 Nh4 17.Bf1 Nf5 18.c5 Nxg3 19.hxg3 dxc5 20.bxc5 Red8 21.
Qb2 Bd5 22.a5 Rab8 23.Qc3 h6 24.Ra4 Be6 25.Raa1 Rd5 26.c6 Qd6 27.axb6 axb6
28.Qb2 Rd2 29.Rc2 Rxc2 30.Qxc2 Rd8 31.f4 g6 32.Qc3 Bf5 33.Ra4 Qd1 34.Ra1 
Qd6 35.Be2 Be4 36.Rd1 Qxd1+ 37.Bxd1 Rxd1+ 38.Kf2 Rd6 39.Qe5 Bxc6 40.e4 Re6
41.Qxc7 Bxe4 42.g4 Kg7 43.Qd7 Kg8 44.Qb5 Kg7 45.Kg3 Kg8 46.Kh3 Kg7 47.g3 
Kg8 48.f5 gxf5 49.gxf5 Bxf5+ 50.Qxf5 Kg7 51.Kh4 Kg8 52.Qg4+ Rg6 53.Qf5 Re6
54.g4 Rg6 55.Kg3 Kg7 56.Qb5 Kg8 57.Kf4 Re6 58.Qd5 Rg6 59.Qd8+ Kg7 60.Qd7 
Rg5 1/2-1/2

[Event "XIV American Continental"]
[Site "Sao Paulo BRA"]
[Date "2019.07.09"]
[Round "6.39"]
[White "Guimaraes, Wagner Peixoto"]
[Black "Almeida Junior, Alvaro Alves de"]
[Result "1-0"]
[WhiteElo "2206"]
[BlackElo "2076"]
[EventDate "2019.07.05"]
[PlyCount "89"]
[EventRounds "11"]
[EventCountry "BRA"]

1.Nf3 Nf6 2.c4 d5 3.cxd5 Nxd5 4.d4 g6 5.e4 Nb6 6.h3 Bg7 7.Nc3 O-O 8.Be3 
Nc6 9.Qd2 Na5 10.Bh6 Nac4 11.Qc1 Bxh6 12.Qxh6 f6 13.b3 Nd6 14.Rd1 Nf7 15.
Qe3 Qd6 16.Be2 a5 17.O-O e6 18.d5 exd5 19.exd5 Bd7 20.Ne4 Qe7 21.Nc5 Rae8 
22.Qxe7 Rxe7 23.Nd4 Nxd5 24.Bf3 Nc3 25.Rde1 Rxe1 26.Rxe1 Bc8 27.Bxb7 Bxb7 
28.Nxb7 Nxa2 29.Re7 Rc8 30.Nxa5 c5 31.Ne6 Nc3 32.Nc4 Nd5 33.Rd7 Nc3 34.Rb7
Ne2+ 35.Kf1 Nd4 36.Nxd4 cxd4 37.Rxf7 Rxc4 38.bxc4 Kxf7 39.Ke2 Ke6 40.Kd3 
Ke5 41.f4+ Kxf4 42.Kxd4 Kg3 43.c5 Kxg2 44.c6 Kxh3 45.c7 1-0

[Event "XIV American Continental"]
[Site "Sao Paulo BRA"]
[Date "2019.07.09"]
[Round "6.40"]
[White "Cordero Loup, Ely Daniela"]
[Black "Albuquerque Junior, Wellington S."]
[Result "0-1"]
[WhiteElo "2076"]
[BlackElo "2204"]
[EventDate "2019.07.05"]
[PlyCount "96"]
[EventRounds "11"]
[EventCountry "BRA"]

1.d4 Nf6 2.Nf3 e6 3.e3 b6 4.Bd3 Bb7 5.O-O Be7 6.b3 O-O 7.Bb2 d5 8.Ne5 Nbd7
9.Nd2 Ne4 10.f3 Nxd2 11.Qxd2 Nxe5 12.dxe5 f6 13.Rad1 fxe5 14.Bxe5 Bf6 15.
Bg3 Qe7 16.c4 c5 17.Qc2 g6 18.e4 d4 19.e5 Bg7 20.h4 Bh6 21.f4 Rf7 22.Rf2 
Raf8 23.Rdf1 Kh8 24.Be4 Rd8 25.Rf3 Bxe4 26.Qxe4 Qb7 27.Qd3 Rdf8 28.h5 g5 
29.fxg5 Bxg5 30.Kh2 Rxf3 31.Rxf3 Rxf3 32.gxf3 Qf7 33.Qe4 Qxh5+ 34.Kg2 Qf7 
35.f4 Bh6 36.Kf3 Kg8 37.Qa8+ Bf8 38.Bh4 Qh5+ 39.Kg3 Qg6+ 40.Kf3 Qd3+ 41.
Kg2 Qe2+ 42.Kg3 Qe3+ 43.Kg4 Qg1+ 44.Kh3 h5 45.Bg5 Qg4+ 46.Kh2 d3 47.Qe8 d2
48.Bh6 d1=Q 0-1

[Event "XIV American Continental"]
[Site "Sao Paulo BRA"]
[Date "2019.07.09"]
[Round "6.41"]
[White "Labussiere, Victor"]
[Black "Sanches Casanova, Romario"]
[Result "1/2-1/2"]
[WhiteElo "2194"]
[BlackElo "2014"]
[EventDate "2019.07.05"]
[PlyCount "45"]
[EventRounds "11"]
[EventCountry "BRA"]

1.c4 e5 2.Nc3 Nf6 3.Nf3 Nc6 4.e3 d5 5.cxd5 Nxd5 6.Bb5 Nxc3 7.bxc3 e4 8.Nd4
Bd7 9.Nxc6 bxc6 10.Bc4 Bd6 11.d3 exd3 12.Qxd3 O-O 13.Qe2 g6 14.O-O Qh4 15.
f4 Rad8 16.e4 Bc5+ 17.Be3 Bc8 18.Bd4 Bb6 19.Qe3 Qe7 20.Bxb6 cxb6 21.Rfd1 
Bg4 22.Re1 Qd6 23.h3 1/2-1/2

[Event "XIV American Continental"]
[Site "Sao Paulo BRA"]
[Date "2019.07.09"]
[Round "6.42"]
[White "Nascimento, Pedro Henrique Alves"]
[Black "Aguilar, Luis Miguel"]
[Result "0-1"]
[WhiteElo "1992"]
[BlackElo "2175"]
[EventDate "2019.07.05"]
[PlyCount "144"]
[EventRounds "11"]
[EventCountry "BRA"]

1.d4 d6 2.Nf3 Nf6 3.c4 Nbd7 4.Nc3 e5 5.d5 g6 6.Bg5 h6 7.Bh4 Bg7 8.e4 a5 9.
Nd2 g5 10.Bg3 Nf8 11.Be2 Ng6 12.O-O h5 13.f3 h4 14.Bf2 Nf4 15.c5 dxc5 16.
Bxc5 N6h5 17.Bb5+ Bd7 18.Bxd7+ Qxd7 19.Qa4 Ne2+ 20.Kf2 Qxa4 21.Nxa4 Nhf4 
22.Be3 Nd4 23.Bxf4 gxf4 24.Rac1 Kd8 25.h3 Ra6 26.Nc5 Rb6 27.b3 Bf8 28.Nd3 
f6 29.Nc4 Ra6 30.Rfd1 a4 31.b4 a3 32.Nc5 Ra7 33.Ne6+ Nxe6 34.dxe6+ Ke7 35.
Rd7+ Kxe6 36.Rxc7 Bxb4 37.Rb1 b5 38.Rxa7 Bc5+ 39.Ke2 Bxa7 40.Rxb5 Rg8 41.
Kf1 Rc8 42.Rb4 Bc5 43.Ra4 Rb8 44.Nxa3 Rb2 45.Nc4 Rf2+ 46.Ke1 Rxg2 47.Ra6+ 
Ke7 48.a4 Rg3 49.Rc6 Bd4 50.a5 Rxf3 51.a6 Rxh3 52.Nb6 Bxb6 53.Rxb6 Re3+ 
54.Kf2 Rxe4 55.Kf3 Ra4 56.Kg4 f3+ 57.Kxf3 Kf7 58.Rb7+ Kg6 59.a7 Kf5 60.Rh7
Ra3+ 61.Kg2 e4 62.Rf7 Kg6 63.Re7 f5 64.Kh2 Kg5 65.Rg7+ Kf4 66.Rh7 Kf3 67.
Rb7 e3 68.Kh3 Ra4 69.Rf7 f4 70.Kxh4 e2 71.Kg5 Ra5+ 72.Rf5 e1=Q 0-1

[Event "XIV American Continental"]
[Site "Sao Paulo BRA"]
[Date "2019.07.09"]
[Round "6.43"]
[White "Alboredo, Julia"]
[Black "De Souza, Cristiano Gomes"]
[Result "1-0"]
[WhiteElo "2175"]
[BlackElo "2000"]
[EventDate "2019.07.05"]
[PlyCount "57"]
[EventRounds "11"]
[EventCountry "BRA"]

1.e4 c5 2.Nf3 d6 3.Nc3 Nc6 4.d4 cxd4 5.Nxd4 Nf6 6.Bg5 g6 7.Bxf6 exf6 8.Qd2
h5 9.Nb3 a6 10.Bc4 Bh6 11.f4 O-O 12.O-O Ne5 13.Bd5 Qb6+ 14.Kh1 Kg7 15.Qd4 
Qxd4 16.Nxd4 Ng4 17.Rae1 f5 18.exf5 gxf5 19.Re7 Kf6 20.Rc7 Ne3 21.Rf3 Bxf4
22.Rxf4 Ke5 23.Nf3+ Kf6 24.Bxb7 Bxb7 25.Rxb7 Rac8 26.Rd4 Rc6 27.Rd2 Nc4 
28.Re2 Nxb2 29.Nd5+ 1-0

[Event "XIV American Continental"]
[Site "Sao Paulo BRA"]
[Date "2019.07.09"]
[Round "6.44"]
[White "Acosta, Pablo Alejandro"]
[Black "Fiaes, Mario Henrique Andrade"]
[Result "1-0"]
[WhiteElo "1992"]
[BlackElo "2173"]
[EventDate "2019.07.05"]
[PlyCount "93"]
[EventRounds "11"]
[EventCountry "BRA"]

1.e4 c5 2.Nf3 e6 3.d4 cxd4 4.Nxd4 a6 5.Bd3 Nf6 6.O-O Qc7 7.Qe2 d6 8.f4 Be7
9.c4 Nbd7 10.Nc3 O-O 11.Kh1 b6 12.Bd2 Bb7 13.f5 exf5 14.Nxf5 Rfe8 15.Nd5 
Bxd5 16.exd5 Bf8 17.Qd1 Ne5 18.Bg5 Nfd7 19.Rc1 Nxd3 20.Qxd3 Nc5 21.Qf3 Ne4
22.Bf4 g6 23.Nh6+ Bxh6 24.Bxh6 Re7 25.b3 Rae8 26.Rce1 f6 27.h4 Qd7 28.Kh2 
f5 29.Bc1 Qd8 30.g3 Qd7 31.Kg2 b5 32.Bh6 bxc4 33.bxc4 Rb8 34.Re2 Qc7 35.
Qd3 Nc5 36.Qc2 Re4 37.Rxe4 Nxe4 38.Rb1 Re8 39.Qa4 Qe7 40.Rb7 Qd8 41.Qxa6 
Qa8 42.Rg7+ Kh8 43.Re7 Rg8 44.Bg7+ Rxg7 45.Qxa8+ Rg8 46.Re8 Rxe8 47.Qxe8+ 
1-0

[Event "XIV American Continental"]
[Site "Sao Paulo BRA"]
[Date "2019.07.09"]
[Round "6.45"]
[White "Bueno, Alfeu Junior Varela"]
[Black "Montero Martinez, Cristhian"]
[Result "0-1"]
[WhiteElo "2169"]
[BlackElo "1991"]
[EventDate "2019.07.05"]
[PlyCount "80"]
[EventRounds "11"]
[EventCountry "BRA"]

1.e4 c5 2.Nc3 a6 3.g3 b5 4.Bg2 Bb7 5.d3 e6 6.f4 d6 7.Nf3 g6 8.f5 gxf5 9.
O-O b4 10.Ne2 e5 11.c3 a5 12.exf5 Nf6 13.Bg5 Be7 14.Qd2 Qb6 15.Rae1 Nbd7 
16.a3 b3 17.h3 h5 18.Be3 O-O-O 19.d4 Ne4 20.Qd1 Ndf6 21.Nd2 a4 22.Nxe4 
Bxe4 23.Bxe4 Nxe4 24.Qd3 Nf6 25.d5 Rdg8 26.Kh2 Kb7 27.c4 e4 28.Qc3 Qd8 29.
Qd2 Qd7 30.Nc3 Bd8 31.Nb5 Ka6 32.Bf4 Ba5 33.Nc3 Qe7 34.Qe3 h4 35.Nxe4 
hxg3+ 36.Kg2 Nxe4 37.Qxe4 Qh4 38.Re2 Qxh3+ 39.Kg1 Re8 40.Qg2 Rxe2 0-1

[Event "XIV American Continental"]
[Site "Sao Paulo BRA"]
[Date "2019.07.09"]
[Round "6.46"]
[White "Federzoni, Enzo"]
[Black "Sato, Leticia Miho"]
[Result "1-0"]
[WhiteElo "2140"]
[BlackElo "1693"]
[EventDate "2019.07.05"]
[PlyCount "55"]
[EventRounds "11"]
[EventCountry "BRA"]

1.e4 e5 2.Nf3 Nf6 3.Nc3 Nc6 4.d4 exd4 5.Nxd4 Bb4 6.Nxc6 bxc6 7.Bd3 O-O 8.
O-O d5 9.exd5 cxd5 10.h3 c6 11.Qf3 a5 12.Ne2 Ba6 13.Bg5 Be7 14.Nd4 Qc7 15.
Bxa6 Rxa6 16.Nf5 c5 17.Rfe1 Re6 18.Bf4 Qd7 19.Bh6 Ne8 20.Qg4 Bf6 21.Re3 
Kh8 22.Bg5 Qd8 23.h4 Bxg5 24.hxg5 Nd6 25.Nxd6 Qxd6 26.Rae1 Rfe8 27.Qa4 
Rxe3 28.Qxe8+ 1-0

[Event "XIV American Continental"]
[Site "Sao Paulo BRA"]
[Date "2019.07.09"]
[Round "6.47"]
[White "Zimmermann, Kleber Renato Pereira"]
[Black "Tomiello, Lucas Costamilan"]
[Result "0-1"]
[WhiteElo "1950"]
[BlackElo "2133"]
[EventDate "2019.07.05"]
[PlyCount "102"]
[EventRounds "11"]
[EventCountry "BRA"]

1.e4 c5 2.Nf3 d6 3.d4 cxd4 4.Nxd4 e6 5.Nc3 a6 6.a4 b6 7.Bc4 Nf6 8.Qe2 Be7 
9.O-O O-O 10.f4 d5 11.exd5 exd5 12.Ba2 Bc5 13.Qd3 Nc6 14.Be3 Nb4 15.Qd2 
Ng4 16.Bf2 Re8 17.Bb3 Qd6 18.Kh1 Nxf2+ 19.Rxf2 Bd7 20.Rff1 Rad8 21.Rae1 
Rxe1 22.Rxe1 Nc6 23.Nf3 Be6 24.Ng5 Nd4 25.Ba2 a5 26.Ne2 Nf5 27.Nc3 Be3 28.
Rxe3 Qxf4 29.Nf3 Qxe3 30.Qxe3 Nxe3 31.Nd4 Nf5 32.Nxf5 Bxf5 33.Bxd5 Be6 34.
Be4 Rd2 35.Kg1 g6 36.Bd3 Bf5 37.Ne4 Bxe4 38.Bxe4 Rd4 39.Bc6 Rc4 40.Bb5 
Rxc2 41.b3 Kg7 42.h4 Kf6 43.Kh2 Ke5 44.Be8 f6 45.Bf7 Kd4 46.Kg3 Rc3+ 47.
Kf4 Rc7 48.Be6 Re7 49.Bg8 h6 50.g3 Re1 51.Bf7 f5 0-1

[Event "XIV American Continental"]
[Site "Sao Paulo BRA"]
[Date "2019.07.09"]
[Round "6.48"]
[White "Adasme Fredes, Mauricio"]
[Black "Aranha Filho, Alvaro Zimmermann"]
[Result "1/2-1/2"]
[WhiteElo "2088"]
[BlackElo "2320"]
[EventDate "2019.07.05"]
[PlyCount "111"]
[EventRounds "11"]
[EventCountry "BRA"]

1.d4 Nf6 2.c4 c5 3.d5 b5 4.cxb5 a6 5.bxa6 g6 6.Nc3 Bxa6 7.e4 Bxf1 8.Kxf1 
d6 9.Nf3 Nbd7 10.Qe2 Bg7 11.g3 O-O 12.Kg2 Qb6 13.Bd2 e6 14.b3 Qb7 15.dxe6 
fxe6 16.Rhe1 Rae8 17.h3 d5 18.e5 Nh5 19.Nb5 Rb8 20.a4 Qc6 21.Rac1 Rbe8 22.
b4 c4 23.Nd6 Nxe5 24.Nxe5 Qxd6 25.b5 Nf6 26.f3 Ne4 27.Bc3 Nxc3 28.Rxc3 Qb4
29.Re3 Qxa4 30.Nd7 e5 31.Nxf8 Rxf8 32.b6 Qc6 33.Rxe5 Bxe5 34.Qxe5 d4 35.
Qe4 Qxe4 36.Rxe4 Rd8 37.Kf2 d3 38.Ke1 c3 39.Rc4 Re8+ 40.Kd1 Rb8 41.Rxc3 
Rxb6 42.Rxd3 h5 43.Ke2 Kg7 44.h4 Kf6 45.Ke3 Rb5 46.Rd4 Re5+ 47.Re4 Ra5 48.
Rf4+ Ke6 49.Rf8 Ke7 50.Rb8 Kf6 51.Rb6+ Kf5 52.Rb3 Re5+ 53.Kf2 Ra5 54.Rd3 
Ra2+ 55.Ke3 Ra5 56.Rd4 1/2-1/2

[Event "XIV American Continental"]
[Site "Sao Paulo BRA"]
[Date "2019.07.09"]
[Round "6.49"]
[White "Ermel, Francisco Roberto"]
[Black "Brito, Luismar"]
[Result "0-1"]
[WhiteElo "2064"]
[BlackElo "2298"]
[EventDate "2019.07.05"]
[PlyCount "80"]
[EventRounds "11"]
[EventCountry "BRA"]

1.e4 c5 2.Nf3 d6 3.d3 Nc6 4.g3 g6 5.Bg2 Bg7 6.O-O Bg4 7.h3 Bd7 8.Nc3 Rb8 
9.a4 Nd4 10.Be3 a6 11.Kh2 h5 12.Qd2 Nh6 13.Nh4 b5 14.axb5 axb5 15.Rae1 b4 
16.Nd5 e6 17.Bf4 Bc6 18.c3 Nb3 19.Qe3 bxc3 20.bxc3 Kf8 21.Bg5 Qd7 22.Nf6 
Qc7 23.d4 Ng8 24.e5 Bxg2 25.Nxg2 d5 26.dxc5 Bh6 27.Bxh6+ Nxh6 28.Rb1 Nf5 
29.Qf4 Kg7 30.Kg1 Nxc5 31.Rxb8 Qxb8 32.Rd1 Qb3 33.Qd2 Ra8 34.g4 Ra2 35.Qe1
hxg4 36.hxg4 Ne7 37.Rd2 Ra8 38.Rd4 Ne4 39.Nxe4 dxe4 40.Rxe4 Nd5 0-1

[Event "XIV American Continental"]
[Site "Sao Paulo BRA"]
[Date "2019.07.09"]
[Round "6.50"]
[White "Torella, Rodolfo"]
[Black "Abdalla, Luiz Guilherme Aurelli"]
[Result "0-1"]
[WhiteElo "2047"]
[BlackElo "2245"]
[EventDate "2019.07.05"]
[PlyCount "58"]
[EventRounds "11"]
[EventCountry "BRA"]

1.e4 e6 2.d3 d5 3.Nd2 Nf6 4.Ngf3 Bc5 5.e5 Nfd7 6.g3 Bb6 7.Bg2 c5 8.O-O Nc6
9.Re1 O-O 10.Nf1 f6 11.exf6 Qxf6 12.Qe2 e5 13.Ng5 e4 14.dxe4 Nd4 15.Qd2 
Ne5 16.f4 Qxg5 17.fxg5 Nef3+ 18.Bxf3 Nxf3+ 19.Kg2 Nxd2 20.Bxd2 d4 21.Bf4 
Be6 22.Nd2 c4 23.e5 Ba5 24.Red1 c3 25.Nb3 cxb2 26.Rab1 Bc3 27.Bd2 a5 28.
Bxc3 dxc3 29.a4 Bxb3 0-1

[Event "XIV American Continental"]
[Site "Sao Paulo BRA"]
[Date "2019.07.09"]
[Round "6.51"]
[White "Bouwman, Marcelo Wanderley"]
[Black "Moreira, Ronaldo Alonso"]
[Result "1/2-1/2"]
[WhiteElo "2234"]
[BlackElo "2058"]
[EventDate "2019.07.05"]
[PlyCount "22"]
[EventRounds "11"]
[EventCountry "BRA"]

1.e4 e6 2.d4 d5 3.e5 c5 4.c3 Nc6 5.Nf3 Qb6 6.Be2 cxd4 7.cxd4 Nge7 8.Nc3 
Nf5 9.Na4 Qa5+ 10.Kf1 b5 11.Nc5 Qb6 1/2-1/2

[Event "XIV American Continental"]
[Site "Sao Paulo BRA"]
[Date "2019.07.09"]
[Round "6.52"]
[White "Cherniack, Alex"]
[Black "Manzi, Luiz Antonio Bardaro"]
[Result "1-0"]
[WhiteElo "2231"]
[BlackElo "2092"]
[EventDate "2019.07.05"]
[PlyCount "105"]
[EventRounds "11"]
[EventCountry "BRA"]

1.e4 Nf6 2.e5 Nd5 3.d4 d6 4.Nf3 dxe5 5.Nxe5 c6 6.Be2 Nd7 7.Nf3 g6 8.O-O 
Bg7 9.c4 Nc7 10.Nc3 O-O 11.Bf4 Ne6 12.Be3 Qc7 13.Qd2 Rd8 14.Qc1 Nf6 15.h3 
Nh5 16.Rd1 b6 17.Bf1 Bb7 18.Ne2 Rac8 19.a4 f5 20.Bh6 Bf6 21.Qe3 Nhg7 22.
Nf4 Nf8 23.c5 bxc5 24.Bc4+ Kh8 25.dxc5 e5 26.Nd3 Re8 27.Bg5 f4 28.Qe1 Bxg5
29.Nxg5 Nge6 30.Nxe6 Nxe6 31.Bxe6 Rxe6 32.Nxf4 Rf6 33.Nd3 Re8 34.Qe4 Bc8 
35.Re1 Bf5 36.Qe3 Bxd3 37.Qxd3 Qa5 38.Qc2 Rf4 39.Re3 Qb4 40.b3 Ref8 41.Rf1
Qd4 42.Qc3 R8f5 43.f3 a5 44.Re1 Qxc3 45.Rxc3 Kg7 46.Ree3 h5 47.Rcd3 e4 48.
fxe4 Rxc5 49.Re1 Kh7 50.Kh2 h4 51.Rd7+ Kh6 52.Re3 Re5 53.Rd2 1-0